Nirvana Songs - Sudden Death - Statistics

General Stats
  • This quiz has been taken 1,756 times
    1,731 since last reset
  • The average score is 11 of 16
Answers on the Grid
Answers color-coded by a green-red scale on the quiz's grid according to % correct below.
Negative Creep
Even Flow
Heart Shaped Box
Come as You Are
Better Man
Jeremy
On a Plain
Sex Type Thing
Something in the Way
Down in a Hole
Into the Drink
Blew
Lithium
Angry Chair
Vasoline
Dumb
Black Hole Sun
Nutshell
Rusty Cage
Very Ape
In Bloom
Rooster
Smells Like Teen Spirit
School
Hunger Strike
All Apologies
Serve the Servants
Black
Man in the Box
About a Girl
Spoonman
Drain You
 
Answer Stats
Answer % Correct
Come as You Are
94%
Heart Shaped Box
91%
Lithium
88%
Smells Like Teen Spirit
88%
Something in the Way
80%
In Bloom
79%
About a Girl
76%
All Apologies
73%
Drain You
68%
Dumb
66%
On a Plain
63%
Negative Creep
54%
Serve the Servants
52%
Very Ape
48%
Blew
47%
School
43%
No matching quizzes found
Score Distribution
Percent of People with Each Score
Percentile by Number Answered
Your Score History
You have not taken this quiz since the last reset